The development of a rotordynamics computer code to analyze multi- stage centrifugal pumps /

Bibliographic Details
Main Author: Gajan, Richard James
Format: Thesis eBook
Language:English
Published: [Place of publication not identified] : [publisher not identified] ; 1987.
Subjects:
Online Access:Link to OAKTrust copy

MARC

Tag First Indicator Second Indicator Subfields
LEADER 00000cam a2200000 a 4500
001 in00000020703
005 20220103114254.0
007 cr unu a
008 880718s1987 xx a b 00010 eng d
035 |9 AAB3671AM 
035 |a (OCoLC)18231791 
040 |a TXA  |c TXA  |d UtOrBLW 
049 |a TXAZ [Also in] [Archives]  |c 1 [A10987308], 2 [A10987358] 
099 |a 1987  |a Thesis  |a G145 
100 1 |a Gajan, Richard James. 
245 1 4 |a The development of a rotordynamics computer code to analyze multi- stage centrifugal pumps /  |c by Richard James Gajan. 
264 1 |a [Place of publication not identified] :  |b [publisher not identified] ;  |c 1987. 
300 |a ix, 164 leaves :  |b illustrations ;  |c 29 cm. 
336 |a text  |b txt  |2 rdacontent 
337 |a computer  |b c  |2 rdamedia 
338 |a online resource  |b cr  |2 rdacarrier 
500 |a "Major subject; Mechanical Engineering." 
500 |a Typescript (photocopy). 
500 |a Vita. 
502 |b M.S.  |c Texas A&M University  |d 1987. 
504 |a Bibliography: leaves 67-68. 
530 |a Also available online. 
650 0 |a Centrifugal pumps. 
650 0 |a Pumping machinery  |x Dynamics  |x Mathematical models. 
650 0 |a Pumping machinery  |x Testing. 
650 4 |a Major mechanical engineering. 
856 4 1 |u https://hdl.handle.net/1969.1/ETD-TAMU-1987-THESIS-G145  |z Link to OAKTrust copy  |t 0 
999 |a MARS 
999 f f |s 042e5db4-c1fa-3c80-b43c-4ed44939f19a  |i a02eb71e-e91a-3a43-bdbf-038393f38826  |t 0 
952 f f |p noncirc  |a Texas A&M University  |b J.J. Pickle Campus  |c High Density Repository  |s HDR  |d Remote Storage  |t 0  |e 1987 Thesis G145  |h Other scheme  |i computer -- online resource  |m A14839626393 
952 f f |a Texas A&M University  |b College Station  |c Electronic Resources  |s www_evans  |d Available Online  |t 0  |e 1987 Thesis G145  |h Other scheme 
998 f f |a 1987 Thesis G145  |t 0  |l Available Online 
998 f f |a 1987 Thesis G145  |t 0  |l Remote Storage